| 000 | 00566nam a22002057a 4500 | ||
|---|---|---|---|
| 005 | 20240902082225.0 | ||
| 008 | 240902b |||||||| |||| 00| 0 eng d | ||
| 020 | _a9789358497465 | ||
| 040 |
_aIN-DiNC _cIN-DiNC |
||
| 041 | _deng | ||
| 082 |
_a320.512 _bDAS |
||
| 100 |
_aDas, Deepan _eauthor |
||
| 245 |
_aClassical political philosophy/ _cby Deepan Das and Bondita Borbora |
||
| 250 | _a1st ed. | ||
| 260 |
_aDibrugarh: _bBanalata, _c2024. |
||
| 300 | _a160p. | ||
| 650 | _aAncient political thought | ||
| 700 |
_aBorbora, Bondita _eauthor |
||
| 942 |
_2ddc _cBK |
||
| 999 |
_c11923 _d11923 |
||